[Event "Copenhagen Chess Challenge 2018"]
[Site "Ballerup"]
[Date "2018.04.28"]
[Round "6"]
[White "Sorensen, Per Settergren"]
[Black "Tenold, Andreas"]
[Result "1/2-1/2"]
[WhiteElo "2034"]
[BlackElo "1755"]
[EventDate "2018.04.25"]
[EventRounds "9"]
[EventCountry "Danmark"]
[WhiteFideId "1413872"]
[BlackFideId "1525840"]

1. e4 c5 2. Nf3 g6 3. c4 Bg7 4. d4 cxd4 5. Nxd4 Nc6 6. Be3 Nf6 7. Nc3 Ng4 8. Qxg4 Nxd4 9. Qd1 Ne6 10. Be2 O-O 11. Qd2 Qa5 12. Rc1 Nc5 13. f3 d6 14. O-O Be6 15. Rfd1 Rfe8 16. Nd5 Qxd2 17. Rxd2 Bxd5 18. cxd5 a5 19. Kf1 Rab8 20. Bb5 Rec8 21. Rdc2 b6 22. b3 Rf8 23. Re2 f5 24. exf5 Rxf5 25. Bxc5 bxc5 26. Bd7 Re5 27. f4 Rxe2 28. Kxe2 Bf6 29. Rc4 Rb4 30. Kd3 Bd4 31. g4 Kg7 32. Ke4 Rxc4 33. bxc4 Kf6 34. g5+ Kg7 35. Kf3 h6 36. h4 hxg5 37. hxg5 Bc3 38. Ke2 Bb2 39. Kd2 Bd4 40. Kd3 Bb2 41. Kc2 Bd4 42. Kd3 Bb2 43. Ke4 Bc1 44. Kf3 Bb2 45. Kg4 Bc1 46. f5 gxf5+ 47. Kxf5 Bd2 48. Be8 Bc1 49. Bh5 Bd2 50. Bd1 Bc1 51. Bc2 Bd2 52. g6 Bc3 53. Ke6 Bf6 54. Bd3 Bg5  1/2-1/2

[Event "Copenhagen Chess Challenge 2018"]
[Site "Ballerup"]
[Date "2018.04.28"]
[Round "6"]
[White "Vangsgaard, Freja"]
[Black "Gjestemoen VonHirsch, Andre"]
[Result "1/2-1/2"]
[WhiteElo "1970"]
[BlackElo "1691"]
[EventDate "2018.04.25"]
[EventRounds "9"]
[EventCountry "Danmark"]
[WhiteFideId "1436589"]
[BlackFideId "1539531"]

1. d4 Nf6 2. c4 c5 3. d5 b5 4. cxb5 a6 5. bxa6 g6 6. g3 d6 7. Bg2 Bg7 8. Qc2 O-O 9. Nc3 Nbd7 10. Bd2 Bxa6 11. Nh3 Qa5 12. Rb1 Rfb8 13. b3 Bc8 14. a4 Ne5 15. O-O Bf5 16. e4 Bc8 17. Nb5 Qb6 18. Na3 Bxh3 19. Nc4 Bxg2 20. Nxb6 Bxe4 21. Qd1 Nf3+ 22. Kg2 Nxd2+ 23. f3 Nxf1 24. Kxf1 Bxb1 25. Nxa8 Rxa8 26. Qxb1 Nxd5 27. Qd3 e6 28. Qb5 Bc3 29. Qb7 Rd8 30. Qa7 Kf8 31. a5 Ke8 32. a6 Ba5 33. Qb7 Nc7 34. a7 Kd7 35. Qb8 Bb4 36. Ke2 d5 37. Kd3 Re8 38. f4 f6 39. Qb6 Rc8 40. h3 c4+ 41. bxc4 dxc4+ 42. Kc2 Bd6 43. Qa5 Ra8 44. Qb6 Rc8 45. Qa5 Ra8 46. Qb6 Rc8  1/2-1/2

[Event "Copenhagen Chess Challenge 2018"]
[Site "Ballerup"]
[Date "2018.04.28"]
[Round "6"]
[White "Andersen, Kim Nyvang"]
[Black "Andersen, Daniel"]
[Result "1/2-1/2"]
[WhiteElo "1962"]
[BlackElo "1810"]
[EventDate "2018.04.25"]
[EventRounds "9"]
[EventCountry "Danmark"]
[WhiteFideId "1415743"]
[BlackFideId "1402714"]

1. d4 e6 2. c4 f5 3. Nf3 Nf6 4. Qc2 Bb4+ 5. Nbd2 d5 6. a3 Bd6 7. b4 c6 8. Bb2 b6 9. e3 O-O 10. Bd3 Ne4 11. Ne5 Bb7 12. Ndf3 Qc7 13. Rc1 Rc8 14. g4 Qe7 15. Rg1 h6 16. h4 Nd7 17. Nxd7 Qxd7 18. c5 bxc5 19. dxc5 Bf8 20. gxf5 exf5 21. Ke2 Qe7 22. Rg6 Rc7 23. Rcg1 Kh7 24. Be5 Rd7 25. Qb2 Re8 26. Bf4 Bc8 27. Ne5 Rb7 28. Nxc6 Qxh4 29. Bxe4 fxe4 30. Na5 Rf7 31. Ke1 Bf5 32. R6g2 g5 33. Bxg5 hxg5 34. Rxg5 Ree7 35. Qe2 Bh6 36. Qh5 Qxh5 37. Rxh5 Rc7 38. c6 Be6 39. b5 Rf5 40. Rxf5 Bxf5 41. Nb3 Bf8 42. Rg5 Be6 43. Nd4 Bf7 44. a4 Bb4+ 45. Kd1 Kh6 46. Rf5 Kg6 47. Kc2 Bc5 48. Rf4 Bd6 49. Rg4+ Kf6  1/2-1/2

[Event "Copenhagen Chess Challenge 2018"]
[Site "Ballerup"]
[Date "2018.04.28"]
[Round "6"]
[White "Saravana, Vedant Kumar"]
[Black "Hansen, Rune"]
[Result "0-1"]
[WhiteElo "1447"]
[BlackElo "1967"]
[EventDate "2018.04.25"]
[EventRounds "9"]
[EventCountry "Danmark"]
[WhiteFideId "45059730"]
[BlackFideId "1500970"]

1. e4 c5 2. Nf3 d6 3. d4 cxd4 4. Nxd4 Nf6 5. Nc3 a6 6. Be2 e5 7. Nf3 h6 8. Be3 Be7 9. Bc4 Qc7 10. Bb3 b5 11. Nd5 Qa5+ 12. Bd2 Qd8 13. Nxf6+ Bxf6 14. Be3 Bb7 15. Bd5 Nc6 16. O-O Rc8 17. c3 Qd7 18. a3 O-O 19. Qd3 Na5 20. Nd2 Bxd5 21. Qxd5 Nc4 22. Nxc4 Rxc4 23. Rad1 Rd8 24. Rd3 Qc6 25. Rfd1 Qxd5 26. Rxd5 Be7 27. f3 Rb8 28. Bd2 g5 29. g4 f6 30. Kf2 Kf7 31. Ke3 Ke6 32. h3 h5 33. Be1 hxg4 34. hxg4 Rh8 35. R5d2 Rcc8 36. Bg3 Rh3 37. Rg2 Rch8 38. Rdd2 Bd8 39. Rh2 Bb6+ 40. Kd3 d5 41. exd5+ Kxd5 42. Ke2+ Kc4 43. Rxh3 Rxh3 44. Be1 Rh2+ 45. Kd1 Rh1 46. Ke2 a5 47. Kd1 Bc5 48. Rc2 Kb3 49. Rd2 Be3 50. Re2 Bf4 51. Rg2 a4 52. Re2 Bg3 53. Kd2 Bxe1+ 54. Rxe1 Rxe1 55. Kxe1 Kxb2 56. Kd2 Kxa3 57. Kc2 b4 58. c4 b3+ 59. Kc3 b2 60. c5 b1=Q 61. c6 Qc1+ 62. Kd3 Qxc6 63. Ke3 Qd5 64. Ke2 Kb2 65. Ke3 a3 66. f4 gxf4+ 67. Kf2 f3 68. g5 fxg5 69. Kf1 a2 70. Kf2 a1=Q 71. Kg3 Qg1+ 72. Kh3 Qd7#  0-1

[Event "Copenhagen Chess Challenge 2018"]
[Site "Ballerup"]
[Date "2018.04.28"]
[Round "6"]
[White "Liu, Casper Yukun"]
[Black "Hentley, Darryl"]
[Result "1-0"]
[WhiteElo "1898"]
[BlackElo "1544"]
[EventDate "2018.04.25"]
[EventRounds "9"]
[EventCountry "Danmark"]
[WhiteFideId "1454153"]
[BlackFideId "16205650"]

1. d4 c6 2. c3 d5 3. Bf4 Bf5 4. Qb3 b6 5. Nf3 e6 6. Nbd2 Nf6 7. e3 Bd6 8. Ne5 Bxe5 9. Bxe5 O-O 10. Be2 Nbd7 11. Qa4 c5 12. Bd6 Re8 13. Bb5 a6 14. Bc6 Bd3 15. Bxa8 Qxa8 16. dxc5 Nxc5 17. Bxc5 bxc5 18. Nb3 Ne4 19. Nc1 Bc4 20. Qc2 d4 21. cxd4 Bd5 22. O-O cxd4 23. exd4 Rc8 24. Qd1 Qb7 25. Nd3 Nf6 26. f3 Qb6 27. Qa4 Rc4 28. Qa3 Qxd4+ 29. Kh1 h5 30. Rac1 Ra4 31. Rc8+ Kh7 32. Qc3 Qh4 33. Ne5 Qf4 34. Nxf7 Rc4 35. Rh8+ Kg6 36. Ne5+ Kg5 37. Nxc4 Bxc4 38. Re1 Kg6 39. Qe5 Qxe5 40. Rxe5 Bxa2 41. Kg1 Bd5 42. Kf2 Kf7 43. Ke3 Bc4 44. Kd4 Bb5 45. Ra8 Bf1 46. Ra7+ Kg6 47. h4 Bxg2 48. Rg5+ Kh6 49. Rxg2 e5+ 50. Kxe5 Kh7 51. Rgxg7+ Kh6 52. Kxf6  1-0

[Event "Copenhagen Chess Challenge 2018"]
[Site "Ballerup"]
[Date "2018.04.28"]
[Round "6"]
[White "Larsen, Preben R."]
[Black "Nielsen, Thomas"]
[Result "1-0"]
[WhiteElo "1796"]
[BlackElo "1585"]
[EventDate "2018.04.25"]
[EventRounds "9"]
[EventCountry "Danmark"]
[WhiteFideId "1425790"]
[BlackFideId "1431676"]

1. e4 e6 2. d4 d5 3. Nc3 Bb4 4. e5 c5 5. a3 Bxc3+ 6. bxc3 c4 7. f4 Ne7 8. Nf3 Nbc6 9. Be2 O-O 10. O-O Nf5 11. Qe1 f6 12. Kh1 Bd7 13. g4 Nh6 14. exf6 gxf6 15. Qh4 Nf7 16. g5 fxg5 17. Nxg5 Nxg5 18. Rg1 Kh8 19. Rxg5 Rg8 20. f5 exf5 21. Bf4 Rxg5 22. Bxg5 Qe8 23. Bf6+ Kg8 24. Rg1+  1-0

[Event "Copenhagen Chess Challenge 2018"]
[Site "Ballerup"]
[Date "2018.04.28"]
[Round "6"]
[White "Jorgensen, Olav Erstad"]
[Black "Sorensen, Bernhard W"]
[Result "1-0"]
[WhiteElo "1636"]
[BlackElo "1762"]
[EventDate "2018.04.25"]
[EventRounds "9"]
[EventCountry "Danmark"]
[WhiteFideId "1457063"]
[BlackFideId "1442074"]

1. d4 e6 2. Bf4 f5 3. g3 Nf6 4. Bg2 d5 5. c4 c6 6. Nd2 Be7 7. Ngf3 O-O 8. O-O Nbd7 9. Ng5 Nb8 10. Ngf3 Nh5 11. Be5 Nd7 12. Qc2 Nxe5 13. Nxe5 Bd6 14. Ndf3 Nf6 15. Rab1 a5 16. a3 Ne4 17. b4 axb4 18. axb4 dxc4 19. Qxc4 Bxe5 20. dxe5 Qe7 21. Qb3 g5 22. Rfd1 Qc7 23. Qb2 Rd8 24. Ne1 Rd5 25. Nd3 g4 26. Ra1 Ra6 27. Rac1 Qb6 28. Bxe4 fxe4 29. Nc5 Ra5 30. Rxd5 exd5 31. Qd2 Rxc5 32. bxc5 Qd8 33. Qd4 Be6 34. Rb1 Qc7 35. Kg2 h5 36. Ra1 Kg7 37. f4 gxf3+ 38. exf3 exf3+ 39. Kxf3 Qf7+ 40. Qf4 Bg4+ 41. Kg2 Qe7 42. Rf1 Kg8 43. h4 Qg7 44. Qg5 Qxg5 45. hxg5 d4 46. Rf4 d3 47. Rd4 Be2 48. Kf2 Kf8 49. Ke3 Ke7 50. Rxd3 Bxd3 51. Kxd3 Ke6 52. Ke4 Kf7 53. Kf5 Ke7 54. g6  1-0

[Event "Copenhagen Chess Challenge 2018"]
[Site "Ballerup"]
[Date "2018.04.28"]
[Round "7"]
[White "Bjerre, Jonas Buhl"]
[Black "Hector, Jonny"]
[Result "1/2-1/2"]
[WhiteElo "2378"]
[BlackElo "2502"]
[EventDate "2018.04.25"]
[EventRounds "9"]
[EventCountry "Danmark"]
[WhiteFideId "1444948"]
[BlackFideId "1700090"]

1. e4 e5 2. Nf3 Nc6 3. Bc4 Nf6 4. d3 Bc5 5. c3 d6 6. O-O a5 7. a4 h6 8. Na3 O-O 9. Nc2 d5 10. exd5 Nxd5 11. Be3 Qd6 12. Bxc5 Qxc5 13. Bb5 Nf4 14. d4 exd4 15. Ncxd4 Na7 16. Qd2 Nxb5 17. axb5 Qd6 18. Qc2 Bd7 19. Rad1 Qf6 20. Rfe1 Rae8 21. g3 Nh3+ 22. Kg2 Ng5 23. Nxg5 hxg5 24. Re4 Bxb5 25. Nxb5 Qc6 26. Rde1 Rxe4 27. Qxe4 Qxb5 28. Qe5 c5 29. Qxg5 Qxb2 30. Qxc5 a4 31. Re4 b6 32. Qc6 a3 33. Re8 g6 34. Rxf8+ Kxf8 35. Qd6+ Ke8 36. Qc6+ Kd8 37. Qd6+ Kc8 38. Qc6+ Kd8 39. Qd6+ Ke8 40. Qc6+ Ke7 41. Qc7+ Kf6 42. Qd6+ Kg7 43. Qd4+ Kf8 44. Qd8+  1/2-1/2

[Event "Copenhagen Chess Challenge 2018"]
[Site "Ballerup"]
[Date "2018.04.28"]
[Round "7"]
[White "Thybo, Jesper Sondergaard"]
[Black "Sonis, Francesco"]
[Result "1-0"]
[WhiteElo "2473"]
[BlackElo "2448"]
[EventDate "2018.04.25"]
[EventRounds "9"]
[EventCountry "Danmark"]
[WhiteFideId "1438832"]
[BlackFideId "895733"]

1. e4 e5 2. Nf3 Nc6 3. Bb5 a6 4. Ba4 Nf6 5. O-O Be7 6. d3 d6 7. c3 O-O 8. Re1 b5 9. Bc2 d5 10. exd5 Qxd5 11. Nbd2 Bg4 12. Qe2 Rfe8 13. a4 Rad8 14. axb5 axb5 15. Bb3 Qd7 16. Ra6 Nb8 17. Ra8 Bd6 18. Ne4 Nxe4 19. dxe4 Nc6 20. Ra6 Ne7 21. h3 Bh5 22. g4 Bg6 23. Rd1 Qc8 24. Ra5 c6 25. Be3 Bc7 26. Raa1 Rxd1+ 27. Rxd1 Rd8 28. Bc5 Kf8 29. Ra1 f6 30. Ra7 Bd6 31. Bxd6 Rxd6 32. Nh4 Qb8 33. Qe3 Qd8 34. Nxg6+ hxg6 35. Qc5 Rd7 36. Ra6 Qc8 37. Qa3 Rb7 38. Ba2 Ke8 39. Qb3 Kd8 40. Qf7 Qd7 41. Qxg7 Qd6 42. Bd5 Kc8 43. Bb3 Kc7 44. Qf7 Kb8 45. Ra1 Nc8 46. Qxg6 Qf8 47. Qg8 Qxg8 48. Bxg8 Nd6 49. f3 b4 50. h4 bxc3 51. bxc3 Rg7 52. Be6 Nb5 53. Rc1 Kc7 54. h5 Rh7 55. Kf2 Rh8 56. Bf5 Kd6 57. c4 Nd4 58. c5+ Ke7 59. Ra1 Rb8 60. Ra7+ Kf8 61. h6 Kg8 62. Bg6 Rb2+ 63. Kg3 Ne2+ 64. Kh4 Rb8 65. g5 fxg5+ 66. Kxg5 Nf4 67. Bf5 Nd3 68. Kg6 Re8 69. Bd7 Nf4+ 70. Kf6 Rf8+ 71. Kxe5 Ng6+ 72. Kd4 Rxf3 73. Bxc6 Kh8 74. Bd7 Rf1 75. Bf5 Rd1+ 76. Ke3 Nf8 77. Ra8  1-0

[Event "Copenhagen Chess Challenge 2018"]
[Site "Ballerup"]
[Date "2018.04.28"]
[Round "7"]
[White "Percivaldi, Martin"]
[Black "Urkedal, Frode Olav Olsen"]
[Result "1/2-1/2"]
[WhiteElo "2398"]
[BlackElo "2560"]
[EventDate "2018.04.25"]
[EventRounds "9"]
[EventCountry "Danmark"]
[WhiteFideId "1508148"]
[BlackFideId "1506102"]

1. Nf3 Nf6 2. c4 e6 3. g3 d5 4. Bg2 Be7 5. d4 O-O 6. O-O c6 7. Nbd2 b6 8. Qc2 Bb7 9. e4 Na6 10. Rd1 Nb4 11. Qb1 dxe4 12. Nxe4 c5 13. Nxf6+ Bxf6 14. Be3 cxd4 15. Bxd4 Bxf3 16. Bxf3 Bxd4 17. Bxa8 Qf6 18. Qe4 Bxb2 19. a3 Nd3 20. Rxd3 Bxa1 21. Rd7 a5 22. Bc6 g6 23. Kg2 Bb2 24. Qe3 Rc8 25. Qxb6 e5 26. Qxb2 Qxc6+ 27. Rd5 Qxc4 28. Qxe5 a4 29. Qd4 Qc6 30. Qe4 Re8 31. Qf3 Qc4 32. Qd3 Qc6 33. Qf3 Qc4  1/2-1/2

[Event "Copenhagen Chess Challenge 2018"]
[Site "Ballerup"]
[Date "2018.04.28"]
[Round "7"]
[White "Strange, Mikkel"]
[Black "Danielsen, Henrik"]
[Result "0-1"]
[WhiteElo "2363"]
[BlackElo "2500"]
[EventDate "2018.04.25"]
[EventRounds "9"]
[EventCountry "Danmark"]
[WhiteFideId "1402765"]
[BlackFideId "1400185"]

1. e4 d6 2. d4 Nf6 3. Nc3 e5 4. dxe5 dxe5 5. Qxd8+ Kxd8 6. Bc4 Ke8 7. f4 Bb4 8. Bd2 exf4 9. Nge2 c6 10. a3 Bd6 11. Nxf4 Nbd7 12. O-O-O Ne5 13. Bb3 Bg4 14. Rde1 Ke7 15. Nce2 Bxe2 16. Rxe2 Nfd7 17. Nd3 a5 18. Bc3 Bc7 19. Rf1 Rhf8 20. Rf5 f6 21. Rh5 Rh8 22. Rf5 Rad8 23. Rf1 g6 24. Nxe5 Nxe5 25. Bxe5 Bxe5 26. h3 b5 27. c3 Rd3 28. Rd2 Rg3 29. Bd1 h5 30. Kc2 Rd8 31. Rxd8 Kxd8 32. Rf2 Re3 33. Re2 Rg3 34. Rf2 Kc7 35. Be2 h4 36. Bf3 Bd6 37. Bg4 Be5 38. Bf3 Bf4 39. Bg4 Bg5 40. Bf3 Be3 41. Re2 Bf4 42. Bg4 Bd6 43. Rf2 Be5 44. Bf3 Kb6 45. Rd2 Kc7 46. Bg4 Bd6 47. Rf2 Be7 48. Rd2 Bd6 49. Rf2 Be5 50. Rd2 a4 51. Rd7+ Kb6 52. Rd2 Bf4 53. Rf2 Bg5 54. Re2 Be3 55. Bf3 Bf4 56. Bg4 c5 57. Rf2 Be5 58. Bf3 c4 59. Rd2 Bf4 60. Rf2 Kc5 61. Bg4 Be3 62. Re2 Kd6 63. Bf3 Bf4 64. Re1 Kc5 65. Rf1 g5 66. Rf2 Kd6 67. Re2 Ke5 68. Bg4 Kd6 69. Rf2 Kc6 70. Bf3 Kc5 71. Re2 Be5 72. Rd2 Bf4 73. Re2 Kd6 74. Rf2 Ke5 75. Re2 Kd6 76. Rf2 Ke7 77. Re2 Kd7 78. Bg4+ Kd6 79. Bf3 Ke5 80. Kb1 Rxf3 81. gxf3 Bg3 82. Rd2 Kf4 83. Rd6 Kxf3 84. Rxf6+ Kxe4 85. Rb6 Kf3 86. Rxb5 Bf4 87. b3 cxb3 88. c4 Kg3 89. c5 Kxh3 90. c6 g4 91. Rf5 g3 92. Rxf4 g2 93. Rc4 g1=Q+ 94. Kb2 Qf2+ 95. Kc3 Qe3+ 96. Kb4 b2  0-1

[Event "Copenhagen Chess Challenge 2018"]
[Site "Ballerup"]
[Date "2018.04.28"]
[Round "7"]
[White "Genov, Petar"]
[Black "Boe Olsen, Filip"]
[Result "0-1"]
[WhiteElo "2435"]
[BlackElo "2309"]
[EventDate "2018.04.25"]
[EventRounds "9"]
[EventCountry "Danmark"]
[WhiteFideId "2900211"]
[BlackFideId "1440640"]

1. Nf3 Nf6 2. c4 c6 3. Nc3 d5 4. d4 e6 5. cxd5 exd5 6. Qc2 Nbd7 7. Bg5 Be7 8. e3 h6 9. Bh4 O-O 10. Bd3 Re8 11. O-O Ne4 12. Bxe7 Qxe7 13. Rab1 a5 14. Rbe1 Ndf6 15. Ne5 Nxc3 16. bxc3 Nd7 17. f4 Nf8 18. e4 f6 19. Nf3 dxe4 20. Rxe4 Qd8 21. Bc4+ Kh8 22. Nh4 b5 23. Bf7 Re7 24. Ng6+ Nxg6 25. Bxg6 f5 26. Re5 Rxe5 27. dxe5 Qb6+ 28. Kh1 Qe3 29. Qb3 Qe2 30. Qd1 Qxd1 31. Rxd1 Be6 32. Rd6 Bxa2 33. e6 Bxe6 34. Rxe6 a4 35. Re8+ Rxe8 36. Bxe8 a3 37. Bf7 c5 38. Ba2 c4 39. Kg1 b4 40. cxb4 c3  0-1

[Event "Copenhagen Chess Challenge 2018"]
[Site "Ballerup"]
[Date "2018.04.28"]
[Round "7"]
[White "Haubro, Martin"]
[Black "Moe, Mogens"]
[Result "1-0"]
[WhiteElo "2358"]
[BlackElo "2233"]
[EventDate "2018.04.25"]
[EventRounds "9"]
[EventCountry "Danmark"]
[WhiteFideId "1414291"]
[BlackFideId "1400550"]

1. e4 c5 2. Nf3 Nc6 3. d4 cxd4 4. Nxd4 e6 5. Nc3 Qc7 6. Be3 a6 7. Qd2 Nf6 8. O-O-O b5 9. Bf4 Ne5 10. Nf3 Nxf3 11. gxf3 Qa5 12. Kb1 b4 13. Ne2 d5 14. h4 Bb7 15. e5 Nd7 16. h5 Rc8 17. Nd4 Qc7 18. Bh3 Bc5 19. Bxe6 fxe6 20. Nxe6 Qc6 21. Nxg7+ Kd8 22. e6 Nb6 23. Rhe1 Nc4 24. Qd3 Bd6 25. e7+ Kc7 26. Re6 Qd7 27. Rxd6 Nxd6 28. Nf5 Kb6 29. Qd4+ Ka5 30. Bxd6 Qa4 31. b3 Qb5 32. a4 bxa3 33. Bxa3 Bc6 34. Nd6 Qb8 35. Qc5+ Bb5 36. Bb4#  1-0

[Event "Copenhagen Chess Challenge 2018"]
[Site "Ballerup"]
[Date "2018.04.28"]
[Round "7"]
[White "Mikalsen, Erlend"]
[Black "Berg, Klaus"]
[Result "0-1"]
[WhiteElo "2307"]
[BlackElo "2335"]
[EventDate "2018.04.25"]
[EventRounds "9"]
[EventCountry "Danmark"]
[WhiteFideId "1507338"]
[BlackFideId "1400053"]

1. e4 c6 2. d4 d5 3. Nc3 a6 4. Nf3 Bg4 5. h3 Bh5 6. g4 Bg6 7. e5 e6 8. Bg2 c5 9. O-O Nc6 10. Be3 h5 11. dxc5 hxg4 12. hxg4 Nh6 13. Bg5 Be7 14. Bxh6 gxh6 15. Na4 h5 16. g5 h4 17. Nh2 h3 18. Bh1 Rh4 19. c4 Bxc5 20. Nf3 h2+ 21. Nxh2 Qxg5+ 22. Bg2 Qg3 23. Nf3 Rg4 24. Ne1 Ba7 25. cxd5 O-O-O 26. dxc6 Rxd1 27. cxb7+ Kc7 28. Rxd1 Be4 29. Rd7+ Kxd7 30. Nc5+ Bxc5 31. b8=Q Qxg2+ 32. Nxg2 Rxg2+ 33. Kh1 Rxf2+ 34. Kg1 Rxb2+  0-1

[Event "Copenhagen Chess Challenge 2018"]
[Site "Ballerup"]
[Date "2018.04.28"]
[Round "7"]
[White "Pajeken, Wolfgang"]
[Black "Hoi, Carsten"]
[Result "1/2-1/2"]
[WhiteElo "2243"]
[BlackElo "2374"]
[EventDate "2018.04.25"]
[EventRounds "9"]
[EventCountry "Danmark"]
[WhiteFideId "4622170"]
[BlackFideId "1400100"]

1. Nf3 Nf6 2. c4 g6 3. Nc3 Bg7 4. e4 d6 5. d4 O-O 6. Be2 Bg4 7. Be3 Nfd7 8. Qd2 e5 9. d5 a5 10. Ng1 Bxe2 11. Ngxe2 Na6 12. O-O-O f5 13. f3 Nac5 14. Kb1 b6 15. exf5 gxf5 16. Ng3 Qe8 17. Qc2 Qg6 18. Rhe1 Na6 19. Bg1 Ndc5 20. Nb5 Rf7 21. a3 Re8 22. Re2 h5 23. Nc3 Kh7 24. Nf1 Bh6 25. Be3 Bg7 26. Bc1 e4 27. Na4 Rfe7 28. Nxc5 Nxc5 29. fxe4 fxe4 30. Re3 Nd3  1/2-1/2

[Event "Copenhagen Chess Challenge 2018"]
[Site "Ballerup"]
[Date "2018.04.28"]
[Round "7"]
[White "Hobber, Anders"]
[Black "Brynell, Stellan"]
[Result "1/2-1/2"]
[WhiteElo "2268"]
[BlackElo "2420"]
[EventDate "2018.04.25"]
[EventRounds "9"]
[EventCountry "Danmark"]
[WhiteFideId "1505424"]
[BlackFideId "1700219"]

1. d4 Nf6 2. Bf4 g6 3. e3 Bg7 4. Nf3 d6 5. h3 O-O 6. Be2 c5 7. c3 b6 8. O-O Bb7 9. a4 a6 10. Na3 Nbd7 11. Bh2 Qc7 12. Qb3 Rac8 13. Rfd1 cxd4 14. exd4 Qb8 15. Nd2 Qa8 16. Bf3 Bxf3 17. Nxf3 Qd5 18. c4 Qb7 19. Re1 Rfe8 20. a5 Rb8 21. axb6 Qxb6 22. Qxb6 Rxb6 23. Rab1 Rb3 24. Nc2 Reb8 25. Rxe7 Rxb2 26. Rxb2 Rxb2 27. Nfe1 Bf8 28. Re3 Nb6 29. Ra3 Nxc4 30. Rxa6 Rb6 31. Rxb6 Nxb6 32. Kf1 Nfd5 33. Nd3 f5 34. Ne3 Kf7 35. Nxd5 Nxd5 36. Ke2 Ke6 37. Nf4+ Nxf4+ 38. Bxf4 Kd5 39. Kd3 Bg7 40. f3 Bf6  1/2-1/2

[Event "Copenhagen Chess Challenge 2018"]
[Site "Ballerup"]
[Date "2018.04.28"]
[Round "7"]
[White "Fries Nielsen, Jens Ove"]
[Black "Haugli, Petter"]
[Result "1-0"]
[WhiteElo "2358"]
[BlackElo "2250"]
[EventDate "2018.04.25"]
[EventRounds "9"]
[EventCountry "Danmark"]
[WhiteFideId "1400142"]
[BlackFideId "1500104"]

1. d4 Nf6 2. Nc3 d5 3. Bf4 g6 4. Qd2 Bg7 5. Bh6 O-O 6. Bxg7 Kxg7 7. e3 c6 8. f4 Bf5 9. Bd3 Nbd7 10. Nf3 Ne4 11. Bxe4 dxe4 12. Ne5 Nxe5 13. fxe5 f6 14. exf6+ exf6 15. h3 g5 16. O-O-O Bg6 17. g4 Qd6 18. h4 h6 19. Qg2 Rae8 20. Rh2 b5 21. d5 b4 22. dxc6 Qxc6 23. Ne2 a5 24. Nd4 Qb6 25. Rdh1 Rh8 26. Qe2 Rc8 27. Rh3 Qd6 28. Qb5 Rb8 29. Qxa5 Ra8 30. Qb5 Rhb8 31. Qc4 b3 32. axb3 Ra1+ 33. Kd2 Rxh1 34. Rxh1 gxh4 35. Rxh4 Kh7 36. Qe2  1-0

[Event "Copenhagen Chess Challenge 2018"]
[Site "Ballerup"]
[Date "2018.04.28"]
[Round "7"]
[White "Kristensen, Kaare Hove"]
[Black "Eriksson, Christian Altenburg"]
[Result "1-0"]
[WhiteElo "2313"]
[BlackElo "2136"]
[EventDate "2018.04.25"]
[EventRounds "9"]
[EventCountry "Danmark"]
[WhiteFideId "1400940"]
[BlackFideId "1412159"]

1. c4 c5 2. Nf3 Nc6 3. d4 cxd4 4. Nxd4 e5 5. Nb5 d6 6. N1c3 a6 7. Na3 f5 8. g3 Be7 9. Bg2 Nf6 10. O-O O-O 11. Nc2 Qe8 12. e4 fxe4 13. Nxe4 Qg6 14. Nxf6+ gxf6 15. Ne3 Kh8 16. Nd5 Bd8 17. Be3 Bf5 18. Rc1 Bd3 19. Re1 Ba5 20. Bd2 Bxd2 21. Qxd2 Bf5 22. b4 Qh5 23. Ne3 Nd4 24. Nxf5 Qxf5 25. Bxb7 Rab8 26. Bd5 Qh5 27. Kg2 Qg4 28. f3 Qg7 29. Rb1 f5 30. a4 f4 31. g4 Nf5 32. Kh1 Ne3 33. Rxe3 fxe3 34. Qxe3 Rf4 35. Be4 Qg5 36. Qa7 Qg8 37. Bxh7 Qc8 38. Bf5 Qg8 39. Qe7 Rxf3 40. Qxd6 Rf4 41. Qh6+  1-0

[Event "Copenhagen Chess Challenge 2018"]
[Site "Ballerup"]
[Date "2018.04.28"]
[Round "7"]
[White "Rostgaard, Tobias Valentin"]
[Black "Pajeken, Jakob Leon"]
[Result "1-0"]
[WhiteElo "2311"]
[BlackElo "2152"]
[EventDate "2018.04.25"]
[EventRounds "9"]
[EventCountry "Danmark"]
[WhiteFideId "1408801"]
[BlackFideId "12942839"]

1. d4 d5 2. Bf4 Nf6 3. e3 c5 4. Nd2 Nc6 5. Ngf3 e6 6. c3 cxd4 7. exd4 Nh5 8. Be3 Bd6 9. Ne5 g6 10. Bb5 Qc7 11. f4 f6 12. O-O O-O 13. Nd3 Ng7 14. Nf3 Nd8 15. Ba4 Bd7 16. Bc2 Nf7 17. Qd2 b6 18. Rae1 Rac8 19. Bf2 Bb5 20. g3 Be7 21. Qe3 Nd6 22. Nd2 f5 23. Nf3 Ne4 24. Rc1 Ne8 25. Rfe1 N8d6 26. Nde5 Bf6 27. h3 Qg7 28. Bb3 Kh8 29. Kh2 g5 30. a4 Ba6 31. fxg5 Nxg5 32. h4 Nge4 33. Rg1 Bb7 34. Be1 Bxe5 35. Nxe5 Nf7 36. Nd3 Nh6 37. Bd1 Rce8 38. Rc2 Ba6 39. Ne5 Ng4+ 40. Bxg4 fxg4 41. b4 Bb7 42. Qe2 h5 43. Rg2 a6 44. Bd2 Rc8 45. Qe1 Rf3 46. Nxf3 gxf3 47. Bf4 fxg2 48. Be5 Nf6 49. Kxg2 Qg6 50. Rf2 Rf8 51. Qf1 Kg7 52. Rf4 Rf7 53. Qf3 Qh6 54. Qe3  1-0

[Event "Copenhagen Chess Challenge 2018"]
[Site "Ballerup"]
[Date "2018.04.28"]
[Round "7"]
[White "Laustsen, Lars"]
[Black "Boe, Mads"]
[Result "1/2-1/2"]
[WhiteElo "2205"]
[BlackElo "2301"]
[EventDate "2018.04.25"]
[EventRounds "9"]
[EventCountry "Danmark"]
[WhiteFideId "1407554"]
[BlackFideId "1401408"]

1. d4 Nf6 2. c4 e6 3. g3 Bb4+ 4. Bd2 Be7 5. Bg2 d5 6. Nf3 O-O 7. O-O c6 8. Qc2 b6 9. Bf4 Bb7 10. Rd1 Nbd7 11. Ne5 Nh5 12. Bc1 Nhf6 13. cxd5 cxd5 14. Nc6 Bxc6 15. Qxc6 Qc8 16. Qa4 Qb7 17. Nc3 a6 18. Qb3 Rac8 19. Bf4 b5 20. a4 b4 21. a5 Nb8 22. Bxb8 Qxb8 23. Na4 Nd7 24. e3 Qc7 25. Bf1 Qxa5 26. Qd3 Rc6 27. Nc5 Nxc5 28. Rxa5 Nxd3 29. Bxd3 Ra8 30. Rda1 g6 31. Rxa6 Raxa6 32. Rxa6 Rxa6 33. Bxa6 h5  1/2-1/2

[Event "Copenhagen Chess Challenge 2018"]
[Site "Ballerup"]
[Date "2018.04.28"]
[Round "7"]
[White "Vesterli, Michael E"]
[Black "Brondt, Nicolai Kvist"]
[Result "1-0"]
[WhiteElo "2149"]
[BlackElo "2179"]
[EventDate "2018.04.25"]
[EventRounds "9"]
[EventCountry "Danmark"]
[WhiteFideId "1417339"]
[BlackFideId "1413848"]

1. d4 Nf6 2. c4 c5 3. d5 b5 4. cxb5 a6 5. bxa6 g6 6. g3 d6 7. Bg2 Bg7 8. Nc3 O-O 9. Nf3 Nbd7 10. O-O Nb6 11. a4 Bxa6 12. Rb1 Nfd7 13. Qc2 Bb7 14. e4 Bxc3 15. bxc3 Rxa4 16. Bh6 Re8 17. Bh3 Qa8 18. Bxd7 Nxd7 19. Rxb7 Nf6 20. Rfb1 Nxe4 21. c4 Nf6 22. Bg5 Ra2 23. R7b2 Ra3 24. Nd2 Nd7 25. Bf4 Nf6 26. Ne4 Nh5 27. Bh6 Qc8 28. Rb7 Ra8 29. Qe2 Qh3 30. Re1 Qc8 31. Rb3 Qd7 32. Re3 f5 33. Ng5 Ra7 34. Re6 Rb7 35. Qe3 Ra7 36. h3 Ng7 37. Bxg7 Kxg7 38. Qc3+ Kg8 39. R6e2  1-0

[Event "Copenhagen Chess Challenge 2018"]
[Site "Ballerup"]
[Date "2018.04.28"]
[Round "7"]
[White "Gjestemoen VonHirsch, Andre"]
[Black "Andersen, Kim Nyvang"]
[Result "1/2-1/2"]
[WhiteElo "1691"]
[BlackElo "1962"]
[EventDate "2018.04.25"]
[EventRounds "9"]
[EventCountry "Danmark"]
[WhiteFideId "1539531"]
[BlackFideId "1415743"]

1. e4 c5 2. Nf3 Nc6 3. Bb5 Nd4 4. Nxd4 cxd4 5. c3 a6 6. Bd3 Qb6 7. O-O d6 8. Na3 dxc3 9. dxc3 Nf6 10. Re1 Qc7 11. Bf4 e5 12. Bg5 Be7 13. Bxf6 Bxf6 14. Nc4 O-O 15. Ne3 Be6 16. Bc2 Qc5 17. Bb3 b5 18. Bd5 Rab8 19. Qb3 Bd7 20. Qc2 g6 21. Rad1 a5 22. Qd2 Rb6 23. Bb3 Bg5 24. h4 Bxh4 25. Nd5 Rb7 26. Rf1 Kg7 27. g3 Bd8 28. Kg2 h5 29. Ne3 Rb6 30. Nd5 Ra6 31. Rh1 f5 32. Bc2 fxe4 33. Bxe4 Bf5 34. Bxf5 Rxf5 35. f3 Bg5 36. Qd3 Rc6 37. Rxh5 e4 38. Qxe4 Re5 39. Qxe5+ dxe5 40. Rxg5 Re6 41. Nf4 Qe7 42. Nxe6+  1/2-1/2